banner-ar

JAWAHARLAL NEHRU / (Record no. 19360)

MARC details
000 -الفاتح
حقل البيانات ثابتة الطول 00491nam a2200193Ia 4500
008 - عناصر البيانات ثابتة الطول - معلومات عامة
حقل البيانات ثابتة الطول 140319s9999 xx 000 0 eng d
040 ## - مصدر الفهرسة
وكالة الفهرسة الأصلية GCL /
وكالة النسخ GCL
082 04 - رقم تصنيف ديوى العشرى
رقم التصنيف 954.042
رقم المادة N D
100 1# - المدخل الرئيسى - إسم شخصى
الإسم الشخصى DIKSHIT, SHELA
245 10 - بيان العنوان
العنوان JAWAHARLAL NEHRU /
بيان المسئوليه,etc DIKSHIT, SHELA
700 1# - المدخل الاضافى - اسم شخصى
الإسم الشخصى SINGH, K. NATWAR
700 1# - المدخل الاضافى - اسم شخصى
الإسم الشخصى PRASAD, H.Y. SHARADA
260 ## - PUBLICATION, DISTRIBUTION, ETC. (IMPRINT)
تاريخ النشر أو التوزيع 1989
300 ## - الوصف المادى
التعداد 735 P
650 04 - المدخل الاضافى بالموضوع-مصطلح موضوعى
مصطلح موضوعي INDIA
650 04 - المدخل الاضافى بالموضوع-مصطلح موضوعى
مصطلح موضوعي NEHRU, INDIA
942 ## - عناصر المدخل الإضافي( كوها)
مصدر التصنيف او مخطط الترفيف Dewey Decimal Classification
Koha [default] item type كتاب
260 ## - PUBLICATION, DISTRIBUTION, ETC. (IMPRINT)
-- [S.N] :
-- OXFORD UNIVERSITY PRESS ،
Holdings
حالة التراجع حالة الفقد حالة تلف ليس للاعارة المكان المؤقت الموقع الحالى تاريخ الاكتساب اجمالي اﻻعارات رقم الطلب الباركود تاريخ اخر مشاهدة تاريخ تفعيل السعر نوع وعاء كوها
        مكتبة القاهرة الكبرى مكتبة القاهرة الكبرى 03/26/2014   954.042\N D 36956 03/26/2014 03/26/2014 كتاب

Powered By

EGPV